|
|
|
|
| LEADER |
00839cam a2200217 7i4500 |
| 001 |
0000055571 |
| 005 |
20260305090000.0 |
| 020 |
|
|
|a 9788740330625 (electronic book)
|
| 090 |
0 |
0 |
|a QA377
|b .C37 2019
|
| 100 |
1 |
|
|a Casteren, Jan A. Van
|
| 245 |
1 |
0 |
|a Partial differential equations and operators :
|b part 1 : fundamental solutions and semigroups
|c Jan A. Van Casteren.
|
| 250 |
|
|
|a 4th edition.
|
| 300 |
|
|
|a 1 online resource (160 pages):
|b text file, PDF.
|
| 336 |
|
|
|a text
|2 rdacontent
|
| 337 |
|
|
|a computer
|2 rdamedia
|
| 338 |
|
|
|a online resource
|2 rdacarier
|
| 650 |
|
0 |
|a Differential equations, Partial
|
| 655 |
|
0 |
|a Electronic books
|
| 856 |
4 |
2 |
|u http://library.unisel.edu.my/web/guest/mylibrary
|
| 997 |
|
|
|a Engineering & Life Sciences, Faculty
|b Science & Biotechnology, Department
|
| 999 |
|
|
|a EBO0001792
|b EBOOK
|c EBOOK
|e Electronic resources
|